| 000 | 00850nam a22001937a 4500 | ||
|---|---|---|---|
| 999 |
_c147284 _d147284 |
||
| 005 | 20230217104011.0 | ||
| 010 | _aUR-9910 | ||
| 020 |
_a978938285881 _c400.00 |
||
| 035 | _aU-8465 | ||
| 037 | _bDBAD/PUB | ||
| 082 | _a840.8 | ||
| 100 | _aعلی منیر | ||
| 245 |
_a بھا ر کے د ا نشو ر و ن کے د ر میا ن - علیم صبا نو ید ی / _cعلی منیر |
||
| 246 |
_aAleem Saba Nawedi-Bihar ke Danishwaron ke Darmiyan _bby Ali Muneer |
||
| 260 |
_aDelhi _bEducational Publishing House _c2016 ء |
||
| 270 |
_a3191,Vakil Street,Kucha Pandit,Lal Kuan _bDelhi _e110006 _k23216162 _l- |
||
| 300 |
_a223 ص _c22cm(Hb) |
||
| 942 |
_2ddc _cUR _h840.8 _mع ل ی _e |
||